Pressure documents - Statistics

General Stats
  • This quiz has been taken 18 times
  • The average score is 21 of 53
Answer Stats
Hint Answer % Correct
Monsters & Hazards The Angler
100%
Monsters & Hazards Eyefestation
70%
Monsters & Hazards Pandemonium
70%
Monsters & Hazards Stan
70%
Hadal Documents The Painter
70%
Monsters & Hazards Good People
60%
Monsters & Hazards Puddles of Void-Mass
60%
Monsters & Hazards Searchlights
60%
Monsters & Hazards Squiddles
60%
Monsters & Hazards The Multi Monster
60%
Monsters & Hazards Wall dwellers
60%
Monsters & Hazards Abomination
50%
Monsters & Hazards Angler Variants
50%
Special Documents Bouncers
50%
Special Documents Candlebearers
50%
Hadal Documents Imaginary Friend
50%
Hadal Documents My Analog Horror Christmas Tree
50%
Hadal Documents My Wife
50%
N.O.S.T. Documents N.O.S.T. Jetsuit
50%
Hadal Documents Trenchbleeders
50%
Monsters & Hazards Candlebrutes
40%
Monsters & Hazards Environmental Hazards
40%
N.O.S.T. Documents Jetsuit Evaluation course
40%
N.O.S.T. Documents Lady Death
40%
Hadal Documents Navi AI
40%
Hadal Documents Paranoias Box
40%
Special Documents Rebarb
40%
Monsters & Hazards The Saboteur
40%
Hadal Documents Valcula Void-Mass
40%
Hadal Documents Abstract Art
30%
Monsters & Hazards Anti-Personnel Doorstopper
30%
Monsters & Hazards Bottomfeeder
30%
Hadal Documents Deep Sea Bunnies
30%
Monsters & Hazards Internal Defense System
30%
Hadal Documents Mask of Sadness
30%
Monsters & Hazards Redeemer
30%
Hadal Documents Rotten Coral
30%
Special Documents Skelepede
30%
Monsters & Hazards Stairwell 87
30%
Monsters & Hazards The DiVine
30%
Hadal Documents The Mindscape
30%
Hadal Documents The ridge
30%
Monsters & Hazards Underwater Hazards
30%
Monsters & Hazards Anti-Personnel Landmines
20%
Hadal Documents External Repellent System
20%
Hadal Documents Lunar Dock
20%
Hadal Documents Skoll Pulse Laser Drill
20%
Hadal Documents The Let-Vand Zone
20%
Special Documents The Raveyard
20%
N.O.S.T. Documents Guardian Angel of The Badlands
10%
Hadal Documents Prisoner Diving Gear
10%
Special Documents The Corpse of Guardsman
10%
Special Documents Rotten Coral Revenants
0%
No matching quizzes found
Score Distribution
Percent of People with Each Score
Percentile by Number Answered
Your Score History
You have not taken this quiz